Policy and trade issues of the Japanese economy : American and Japanese perspectives

Na minha lista:
Detalhes bibliográficos
Autor principal: Kozo, Yamamura
Formato: Livro
Idioma:Undetermined
Publicado em: Tokyo University of Tokyo Press 1982
Tags: Adicionar Tag
Sem tags, seja o primeiro a adicionar uma tag!
Thư viện lưu trữ: Trung tâm Học liệu Trường Đại học Cần Thơ
LEADER 00491nam a2200169Ia 4500
001 CTU_77825
008 210402s9999 xx 000 0 und d
082 |a 338.952 
082 |b Y19 
100 |a Kozo, Yamamura 
245 0 |a Policy and trade issues of the Japanese economy : 
245 0 |b American and Japanese perspectives 
245 0 |c Kozo Yamamura 
260 |a Tokyo 
260 |b University of Tokyo Press 
260 |c 1982 
980 |a Trung tâm Học liệu Trường Đại học Cần Thơ